All ASSRs of the Soviet Union (1979) - Statistics

General Stats
  • This quiz has been taken 106 times
  • The average score is 13 of 20
Answers on the Map
Answers color-coded by a green-red scale on the quiz's map according to % correct below.
 
Answer Stats
ASSR % Correct
Karelian ASSR
96%
Yakut ASSR
90%
Dagestan ASSR
86%
Tuvan ASSR
83%
Abkhaz ASSR
81%
Tatar ASSR
79%
North Ossetian ASSR
78%
Komi ASSR
73%
Buryat ASSR
71%
Kalmyk ASSR
70%
Mari ASSR
70%
Bashkir ASSR
68%
Karakalpak ASSR
66%
Udmurt ASSR
60%
Chuvash ASSR
57%
Mordovian ASSR
57%
Nakhichevan ASSR
45%
Kabardino-Balkarian ASSR
42%
Adjarian ASSR
39%
Chechno-Ingush ASSR
29%
No matching quizzes found
Score Distribution
Percent of People with Each Score
Percentile by Number Answered
Your Score History
You have not taken this quiz